[Event "EU-ch Schools U13"]
[Site "Limerick"]
[Date "2024.06.07"]
[Round "9"]
[White "Taradajko, Seweryn"]
[Black "Ward, Cian"]
[Result "1/2-1/2"]
[WhiteElo "1501"]
[BlackElo "1843"]
[PlyCount "35"]
[EventDate "2024.05.31"]
[EventType "swiss"]
[EventRounds "9"]
[EventCountry "IRL"]
[SourceTitle "CB24_2024"]
[SourceDate "2024.06.12"]
[SourceVersion "1"]
[SourceVersionDate "2024.06.12"]
[SourceQuality "1"]

1. d4 e6 2. c4 Nf6 3. Nc3 Bb4 4. e3 c5 5. Nge2 cxd4 6. exd4 d5 7. a3 Bxc3+ 8. Nxc3 dxc4 9. Bxc4 0-0 10. 0-0 Nc6 11. Be3 b6 12. d5 exd5 13. Nxd5 Nxd5 14. Bxd5 Bb7 15. Bxc6 Bxc6 16. Qxd8 Rfxd8 17. Rfd1 Kf8 18. Rac1 1/2-1/2

[Event "EU-ch Schools U13"]
[Site "Limerick"]
[Date "2024.06.03"]
[Round "4"]
[White "Cole, Ethan"]
[Black "Taradajko, Seweryn"]
[Result "1-0"]
[WhiteElo "1830"]
[BlackElo "1501"]
[PlyCount "57"]
[EventDate "2024.05.31"]
[EventType "swiss"]
[EventRounds "9"]
[EventCountry "IRL"]
[SourceTitle "CB24_2024"]
[SourceDate "2024.06.12"]
[SourceVersion "1"]
[SourceVersionDate "2024.06.12"]
[SourceQuality "1"]

1. e4 c5 2. Nf3 e6 3. d4 cxd4 4. Nxd4 Nf6 5. Nc3 Nc6 6. Nxc6 bxc6 7. e5 Nd5 8. Ne4 Qa5+ 9. Bd2 Qb6 10. Rb1 Qd4 11. Nd6+ Bxd6 12. exd6 Qe4+ 13. Be2 Qxg2 14. Bf3 Qg6 15. c4 Nf6 16. Be3 Ba6 17. Rc1 h5 18. Qa4 Bb7 19. Ke2 a5 20. Rhg1 Qh7 21. Rg5 Ng4 22. h3 Nxe3 23. Rxh5 Qxh5 24. Bxh5 Rxh5 25. fxe3 Rxh3 26. c5 Ba6+ 27. Kf2 Rh2+ 28. Kg3 Rxb2 29. Qd4 1-0

[Event "EU-ch Schools U13"]
[Site "Limerick"]
[Date "2024.06.02"]
[Round "3"]
[White "Taradajko, Seweryn"]
[Black "Perolada Segui, Marc"]
[Result "1-0"]
[WhiteElo "1501"]
[BlackElo "1449"]
[PlyCount "117"]
[EventDate "2024.05.31"]
[EventType "swiss"]
[EventRounds "9"]
[EventCountry "IRL"]
[SourceTitle "CB24_2024"]
[SourceDate "2024.06.12"]
[SourceVersion "1"]
[SourceVersionDate "2024.06.12"]
[SourceQuality "1"]

1. d4 Nf6 2. c4 g6 3. Nc3 Bg7 4. e4 0-0 5. Nf3 d6 6. Bd3 Nfd7 7. Be3 e5 8. d5 Na6 9. a3 Nac5 10. Bc2 a5 11. 0-0 Nf6 12. h3 Nh5 13. Qd2 f5 14. Bg5 Qe8 15. b4 fxe4 16. Nxe4 Nxe4 17. Bxe4 axb4 18. axb4 Rxa1 19. Rxa1 Bf5 20. Bxf5 Rxf5 21. Bh6 Nf4 22. Bxg7 Kxg7 23. Qe3 Qd8 24. Ra7 b6 25. Qxb6 Rf7 26. Qe3 Qb8 27. Ra4 Qd8 28. Ra3 Rf5 29. Kh2 Qd7 30. Ne1 h5 31. f3 g5 32. Nd3 Nxd3 33. Rxd3 Kf6 34. c5 Qh7 35. cxd6 cxd6 36. Qb6 Qe7 37. Rc3 Kg6 38. Rc6 Rf6 39. Qc7 Qf8 40. Qc8 Qf7 41. Rc7 Qxd5 42. Qe8+ Kf5 43. Qxh5 Qd4 44. Qg4+ Qxg4 45. hxg4+ Kf4 46. Rc4+ Ke3 47. b5 Kf2 48. Rc2+ Ke3 49. Kg3 d5 50. Rc6 Rf7 51. Re6 e4 52. Re5 Rg7 53. Rxd5 exf3 54. gxf3 Rf7 55. Re5+ Kd4 56. Rxg5 Re7 57. b6 Kc4 58. Rf5 Kd4 59. Rb5 1-0

[Event "EU-ch Schools U13"]
[Site "Limerick"]
[Date "2024.05.31"]
[Round "1"]
[White "Taradajko, Seweryn"]
[Black "Arun, Nitish"]
[Result "0-1"]
[WhiteElo "1501"]
[BlackElo "1911"]
[PlyCount "74"]
[EventDate "2024.05.31"]
[EventType "swiss"]
[EventRounds "9"]
[EventCountry "IRL"]
[SourceTitle "CB24_2024"]
[SourceDate "2024.06.12"]
[SourceVersion "1"]
[SourceVersionDate "2024.06.12"]
[SourceQuality "1"]

1. d4 e6 2. Nf3 d5 3. e3 c5 4. b3 Nc6 5. Bb2 Nf6 6. Nbd2 Bd6 7. Bd3 0-0 8. 0-0 b6 9. a3 Bb7 10. Ne5 Bxe5 11. dxe5 Nd7 12. f4 f5 13. Qe2 Qe7 14. c4 a5 15. cxd5 exd5 16. Bb5 Na7 17. Bxd7 Qxd7 18. a4 Nc6 19. Rfd1 Qe6 20. Nf3 h6 21. Bc3 Nb4 22. Bxb4 axb4 23. Qb2 Ra5 24. h3 Rfa8 25. Qc2 Bc6 26. Rdc1 Bb7 27. Kh2 Rd8 28. Nd2 Kh8 29. Rd1 Rc8 30. Nf3 d4 31. exd4 cxd4 32. Qb2 Bxf3 33. gxf3 Rc3 34. Rxd4 Rac5 35. Rd2 Qc6 36. Kg1 Qxf3 37. Rh2 Qxf4 0-1